00395nam a2200121 a 4500008004100000020001500041050001500056100001800071245010200089260004800191300002500239350000900264120416s0000 ||||||||||||||||| || u a8120401778 aTN 153 Str aGhose, Ajoy K10aStrategies for Exploitation of mineral resources in developing countriescedited by Ajoy K. Goose aNew DelhibOxford & IBH Publishing Coc1987 a(viii), 286p. : ill. a0.00